000 00260nam a22001217a 4500
082 _a507.2 SEB'F
100 _aSEBRELL, W.H
_956404
245 _aFOOD AND NUTRITION
250 _a2ND
260 _aHONG KONG
_bTIME-LIFE
_c1980
300 _a200P
942 _cBK
999 _c566833
_d566833